Un viaje de novios
Guardat en:
| Autor principal: | |
|---|---|
| Format: | Llibre |
| Idioma: | espanyol |
| Publicat: |
Madrid
Administración
1900
|
| Edició: | 1a. ed |
| Col·lecció: | Obras completas de Pardo Bazán, 30
|
| Matèries: | |
| Etiquetes: |
Afegir etiqueta
Sense etiquetes, Sigues el primer a etiquetar aquest registre!
|
MARC
| LEADER | 00000nam a2200000 a 4500 | ||
|---|---|---|---|
| 001 | UCJ3595 | ||
| 003 | CL-VaPUC | ||
| 008 | 070124e19000000SP |||||||||||||||||spa|d | ||
| 082 | 0 | 4 | |a 863 |b PAR |2 21 |
| 100 | |a Pardo Bazán, Emilia |e autora |9 319277 | ||
| 245 | 1 | 3 | |a Un viaje de novios |
| 246 | 1 | 3 | |a El tesoro de Gastón: Novelas |
| 250 | |a 1a. ed | ||
| 300 | |a 464 p | ||
| 942 | |c BK | ||
| 945 | |d 20070124 00:00:00 |a rinostro | ||
| 260 | |a Madrid |b Administración |c 1900 | ||
| 650 | 0 | |a Novela |9 313705 | |
| 583 | |a last modification |c 20070124 00:00:00 |k Rodrigo Vera | ||
| 490 | 0 | |a Obras completas de Pardo Bazán, 30 | |
| 999 | |c 319717 |d 319715 | ||
| 952 | |0 0 |1 0 |4 0 |6 863_000000000000000_PAR_1900 |7 0 |8 X |9 398081 |a FDOBUD |b FDOBUD |d 2019-11-22 |i 1005790 |o 863 PAR 1900 |p 1005790 |r 2019-11-22 |w 2019-11-22 |y BK_X |k BUD | ||